Evaluación de las propiedades mecánicas de mezclas asfálticas densas con RAP
Na minha lista:
| Autor principal: | |
|---|---|
| Formato: | Livro |
| Idioma: | Spanish |
| Publicado em: |
[San José], Costa Rica
2016
|
| Assuntos: | |
| Tags: |
Adicionar Tag
Sem tags, seja o primeiro a adicionar uma tag!
|
MARC
| LEADER | 00000nam a22000007a 4500 | ||
|---|---|---|---|
| 003 | 012489 | ||
| 005 | 20221231144120.0 | ||
| 008 | 161101b2016 cr a|||| |||m 00| ||spa d | ||
| 040 | |c cru CEDI | ||
| 090 | |a TFG 7645 | ||
| 100 | |9 5493 |a Murillo Rodríguez, Mónica | ||
| 245 | |a Evaluación de las propiedades mecánicas de mezclas asfálticas densas con RAP | ||
| 260 | |a [San José], Costa Rica |c 2016 | ||
| 300 | |a xv,71, [24]hojas ; ilustraciones algunas a color | ||
| 500 | |a Proyecto de graduación (licenciatura en ingeniería civil)--Universidad de Costa Rica. Facultad de Ingeniería. Escuela de Ingeniería Civil | ||
| 650 | |x PAVIMENTOS DE ASFALTO |x MATERIALES PARA CARRETERAS |x MEZCLAS DE EMULSION ASFALTICA |x ASFALTO |9 5494 | ||
| 942 | |c TFG | ||
| 999 | |c 17115 |d 17115 | ||
